Humor polityczny : (Rekord nr 27387)
| 000 -Nagłówek | |
|---|---|
| fixed length control field | 01534cam a2200421 i 4500 |
| 001 - Nr kontrolny bibl., która utworzyła rek. | |
| control field | xx003158226 |
| 003 - Siglum bibl., której nr kontr. jest w 001 | |
| control field | NUKAT |
| 005 - Data i czas ostatniej operacji | |
| control field | 20260331152122.0 |
| 008 - Elementy pola stałej długości | |
| fixed length control field | 140813s2014 pl a g |000 0 pol c |
| 020 ## - ISBN | |
| ISBN | 9788393954506 |
| dopowiedzenie | (oprawa miękka) |
| 035 ## - Systemowy numer kontrolny | |
| systemowy numer kontrolny | (OCoLC)890406588 |
| 035 ## - Systemowy numer kontrolny | |
| systemowy numer kontrolny | (NUKAT)xx003158226 |
| 040 ## - Instytucja sporządzająca opis | |
| Instytucja, która sporządziła opis | SIEDL 001/EC |
| język katalgowania-trzyzn. kod | pol |
| zasady opisu | rda |
| Instytucja, która sporządziła rekord | SIEDL 001/EC |
| Instytucja, która zmodyfikowała rekord | WR O/KSs |
| -- | OLSZT 008/bak |
| 045 2# - Okres czasu dla zawartości | |
| czas między r. 9999 pne a nasz. czas. | d1989 |
| -- | d2014 |
| 046 ## - Kod rodz. daty, data1, data2 (daty pne) | |
| Single or starting date for aggregated content | 1989 |
| Ending date for aggregated content | 2014 |
| 245 00 - Tytuł właściwy i oznaczenie odpow. | |
| tytuł | Humor polityczny : |
| dodatek do tytułu | 1989-2014 / |
| dod. inf. ze s. tyt./ozn. odpow. | zebrał i do druku podał Bronisław Sałuda ; ilustrator: Aleksander Wołos. |
| 260 ## - Adres wydawniczy | |
| miejsce wydania, dystrybucji itp. | Olsztyn : |
| nazwa wydawcy, dystrybutora itp. | Oficyna Druków Niskonakładowych, |
| data wydania, dystrybucji itp. | 2014. |
| 300 ## - Opis fizyczny | |
| objętość i/lub forma materiału | 182 strony : |
| inne szczegóły opisu fizycznego | ilustracje ; |
| format | 20 cm. |
| 336 ## - Content Type | |
| Term | Tekst |
| Code | txt |
| Source | rdacontent |
| 337 ## - Media Type | |
| Term | Bez urządzenia pośredniczącego |
| Code | n |
| Source | rdamedia |
| 338 ## - Carrier Type | |
| Term | Wolumin |
| Code | nc |
| Source | rdacarrier |
| 380 ## - Form of work | |
| Form of work | Książki |
| 380 ## - Form of work | |
| Form of work | Proza |
| 386 ## - Creator/Contributor Characteristics | |
| Demographic group term | Przynależność kulturowa |
| Creator/contributor term | Literatura polska |
| 388 1# - TIME PERIOD OF CREATION | |
| Time period of creation term | 1901-2000 |
| 388 1# - TIME PERIOD OF CREATION | |
| Time period of creation term | 1989-2000 |
| 388 1# - TIME PERIOD OF CREATION | |
| Time period of creation term | 2001- |
| 500 ## - Uwaga ogólna | |
| uwaga ogólna | Kolejne oznaczenie odpowiedzialności na stronie redakcyjnej. |
| 648 #7 - SUBJECT ADDED ENTRY--CHRONOLOGICAL TERM | |
| Chronological term | 1901-2000 |
| Source of heading or term | DBN |
| 9 (RLIN) | 34996 |
| 648 #7 - SUBJECT ADDED ENTRY--CHRONOLOGICAL TERM | |
| Chronological term | 1989-2000 |
| Source of heading or term | DBN |
| 9 (RLIN) | 36156 |
| 648 #7 - SUBJECT ADDED ENTRY--CHRONOLOGICAL TERM | |
| Chronological term | 2001- |
| Source of heading or term | DBN |
| 9 (RLIN) | 36393 |
| 655 #7 - Termin określający rodzaj/formę | |
| rodzaj/forma | Anegdoty polityczne |
| źródło terminu | DBN |
| 9 (RLIN) | 39327 |
| 700 1# - Hasło dodatkowe - nazwa osobowa | |
| nazwa osobowa | Sałuda, Bronisław |
| daty biograficzne | (1927-2019). |
| rodzaj współpracy | Opracowanie |
| -- | Wybór |
| 9 (RLIN) | 31561 |
| 700 1# - Hasło dodatkowe - nazwa osobowa | |
| nazwa osobowa | Wołos, Aleksander |
| daty biograficzne | (1934-2014). |
| rodzaj współpracy | Ilustracje |
| 9 (RLIN) | 25902 |
| 710 2# - Hasło dodatkowe - nazwa ciała zbior. | |
| nazwa ciała zbior. lub nazwa geogr. | Oficyna Druków Niskonakładowych. |
| rodzaj współpracy | Wydawca |
| kod rodzaju współpracy | pbl |
| 9 (RLIN) | 37673 |
| 920 ## - ISBN | |
| ISBN | 978-83-939545-0-6 (oprawa miękka) |
| 942 ## - ADDED ENTRY ELEMENTS (KOHA) | |
| Source of classification or shelving scheme | Dewey Decimal Classification |
| Koha item type | pozycje dostępne na miejscu |
| Status wycofania | Status zagubienia | Klasyfikacja | Status uszkodzenia | Blokada wypożyczeń | Kolekcja | Lokalizacja macierzysta | Lokalizacja bieżąca | Data nabycia | Numer akcesji | Źródło akcesji | Cena | Nr inwentarzowy | il. wypożyczeń | Sygnatura | Kod kreskowy | Date last seen | Price effective from | Typ egz. |
|---|---|---|---|---|---|---|---|---|---|---|---|---|---|---|---|---|---|---|
| Dewey Decimal Classification | nieuszkodzona | książka w magazynie | Biblioteka Instytutu Północnego w Olsztynie | Biblioteka Instytutu Północnego w Olsztynie | 08/11/2019 | D-36/2019 | dar | 23.00 | 59821 | 59821 | IPWK21520 | 31/03/2026 | 31/03/2026 | pozycje dostępne na miejscu |